Suomen kunnat - Satunnainen "hirsipuu" - Statistics

Yleistilastot
  • Tätä visaa on pelattu 696 kertaa
  • Keskiarvotulos 6 / 7
Vastaustilastot
Kirjeet % Oikein
A
100%
A
100%
A
100%
A
100%
Ä
100%
A
100%
A
100%
A
100%
A
100%
A
100%
A
100%
A
100%
A
100%
A
100%
A
100%
A
100%
A
100%
A
100%
A
100%
A
100%
A
100%
A
100%
A
100%
A
100%
A
100%
A
100%
A
100%
A
100%
A
100%
A
100%
A
100%
A
100%
A
100%
A
100%
A
100%
Ä
100%
Ä
100%
Ä
100%
Ä
100%
Ä
100%
A
100%
A
100%
Ä
100%
A
100%
A
100%
A
100%
A
100%
A
100%
A
100%
Ä
100%
A
100%
A
100%
E
100%
E
100%
E
100%
E
100%
E
100%
E
100%
E
100%
E
100%
E
100%
E
100%
E
100%
E
100%
H
100%
H
100%
I
100%
I
100%
I
100%
I
100%
I
100%
I
100%
I
100%
I
100%
I
100%
I
100%
I
100%
I
100%
I
100%
I
100%
I
100%
I
100%
I
100%
I
100%
I
100%
I
100%
I
100%
I
100%
I
100%
I
100%
I
100%
I
100%
I
100%
I
100%
I
100%
J
100%
J
100%
K
100%
K
100%
K
100%
K
100%
K
100%
K
100%
K
100%
K
100%
K
100%
K
100%
K
100%
K
100%
K
100%
K
100%
K
100%
K
100%
K
100%
K
100%
K
100%
K
100%
L
100%
L
100%
L
100%
L
100%
L
100%
L
100%
L
100%
L
100%
L
100%
L
100%
L
100%
L
100%
L
100%
M
100%
M
100%
M
100%
M
100%
M
100%
M
100%
M
100%
M
100%
N
100%
N
100%
N
100%
N
100%
N
100%
N
100%
N
100%
N
100%
O
100%
O
100%
O
100%
O
100%
O
100%
O
100%
O
100%
O
100%
O
100%
O
100%
O
100%
O
100%
O
100%
Ö
100%
O
100%
P
100%
P
100%
P
100%
R
100%
R
100%
R
100%
R
100%
R
100%
R
100%
R
100%
R
100%
R
100%
R
100%
R
100%
S
100%
S
100%
S
100%
S
100%
S
100%
S
100%
S
100%
S
100%
S
100%
S
100%
S
100%
S
100%
S
100%
T
100%
T
100%
T
100%
T
100%
T
100%
T
100%
T
100%
T
100%
T
100%
T
100%
T
100%
U
100%
U
100%
U
100%
U
100%
U
100%
U
100%
U
100%
U
100%
U
100%
U
100%
U
100%
U
100%
V
100%
V
100%
V
100%
V
100%
V
100%
V
100%
V
100%
Y
100%
Y
100%
A
88%
A
88%
A
88%
K
83%
K
83%
L
83%
O
83%
O
83%
E
80%
E
80%
P
80%
E
75%
E
75%
E
75%
E
75%
E
75%
H
75%
H
75%
H
75%
I
75%
K
75%
L
75%
L
75%
L
75%
L
75%
L
75%
L
75%
N
75%
N
75%
N
75%
N
75%
O
75%
O
75%
O
75%
O
75%
P
75%
T
75%
U
75%
U
75%
V
75%
Ä
67%
Ä
67%
Ä
67%
Ä
67%
E
67%
I
67%
I
67%
J
67%
K
67%
K
67%
K
67%
K
67%
K
67%
L
67%
L
67%
L
67%
M
67%
M
67%
M
67%
O
67%
P
67%
R
67%
S
67%
S
67%
S
67%
T
67%
T
67%
T
67%
U
67%
U
67%
U
67%
U
67%
U
67%
U
67%
U
67%
V
67%
V
67%
J
63%
M
60%
R
60%
T
60%
A
50%
E
50%
H
50%
I
50%
K
50%
K
50%
L
50%
L
50%
L
50%
M
50%
M
50%
N
50%
N
50%
P
50%
R
50%
R
50%
S
50%
S
50%
S
50%
T
50%
T
50%
U
50%
U
50%
U
50%
V
50%
V
50%
V
50%
Y
50%
K
33%
K
33%
K
33%
L
33%
L
33%
L
33%
N
33%
O
33%
O
33%
Ö
33%
D
25%
M
25%
N
25%
N
25%
A
0%
A
0%
A
0%
E
0%
H
0%
I
0%
I
0%
I
0%
K
0%
K
0%
K
0%
K
0%
L
0%
L
0%
L
0%
L
0%
L
0%
M
0%
M
0%
O
0%
O
0%
P
0%
P
0%
T
0%
T
0%
U
0%
U
0%
V
0%
Ehtoja vastaavia visoja ei löytynyt
Tulosjakauma
Jokaisen tuloksen saaneiden osuus
Persentiili vastausten määrän mukaan
Tuloshistoriasi
Et ole pelannut tätä visaa